| 000 | 00628cam a2200193 a 4500 | ||
|---|---|---|---|
| 001 | 13617669 | ||
| 005 | 20241203121449.0 | ||
| 008 | 040322m20029999gh ab b 000 0 eng | ||
| 020 | _a9988008430 (v. 1) | ||
| 050 | 0 | 0 |
_aGN645 _b.A93 2002 |
| 082 | 0 | 0 |
_a306.096 _222 |
| 100 | 1 | _aAwedoba, A. K. | |
| 245 | 1 | 0 |
_aCulture and development in Africa : _bwith special reference to Ghana / _cA.K. Awedoba. |
| 260 |
_aLegon [Ghana] : _bInstitute of African Studies, University of Ghana, Legon, _c2002- |
||
| 300 |
_av. <1 > : _bill., maps ; _c24 cm. |
||
| 650 | 0 |
_aEthnology _zAfrica. |
|
| 650 | 0 |
_aEthnology _zGhana. |
|
| 942 |
_2lcc _cBK _n0 |
||
| 999 |
_c1938 _d1938 |
||